| 000 | 00760cam a2200241u 4500 | ||
|---|---|---|---|
| 001 | 25582 | ||
| 003 | BD-RjUL | ||
| 005 | 20211209050911.0 | ||
| 008 | 140318r19481929enkc 001 0ceng d | ||
| 035 | _a(BD-RjUL)25652 | ||
| 040 |
_aDLC _cCarP _dDLC _dBD-RjUL _beng |
||
| 041 | _aeng | ||
| 082 | 0 | 0 |
_a944.04 _bTHL 1948 |
| 100 | 1 |
_aThompson, James Matthew, _d1878- [from old catalog] _978646 |
|
| 245 | 1 | 0 |
_aLeaders of the French revolution / _cJames Matthew Thompson, |
| 260 |
_aOxford : _bB. Blackwell, _c1929. [Reprinted 1948] |
||
| 300 |
_axiv, 272 p. : _bfront., ports. ; _c23 cm. |
||
| 504 | _aIncludes Index | ||
| 651 | 0 |
_aFrance _xHistory _vRevolution, 1789-1799 _vBiography. _978647 |
|
| 942 |
_2ddc _cBK |
||
| 999 |
_c25582 _d25582 |
||